Engineering development of a foam column for countercurrent surface-liquid extraction of a surface-active solutes.

Bibliographic Details
Main Author: Haas, Paul Arnold, 1929-
Format: Thesis Book
Language:English
Published: [Knoxville, Tenn.], [publisher not identified] ; 1965.
Subjects:

MARC

Tag First Indicator Second Indicator Subfields
LEADER 00000cam a2200000 4500
001 in00000094851
005 20150927110553.0
008 800407s1969 miua b 00000 eng d
035 |a (OCoLC)06172613 
035 |9 AAL6727AM 
040 |a TXA  |c TXA  |d UtOrBLW 
049 |a TXAM  |c [529976] 
090 |a TP156.S45  |b H3 
100 1 |a Haas, Paul Arnold,  |d 1929- 
245 1 0 |a Engineering development of a foam column for countercurrent surface-liquid extraction of a surface-active solutes. 
264 1 |a [Knoxville, Tenn.],  |b [publisher not identified] ;  |c 1965. 
300 |a xiii, 215 :  |b diagrams, tables (part folded) 
336 |a text  |b txt  |2 rdacontent 
337 |a unmediated  |b n  |2 rdamedia 
338 |a volume  |b nc  |2 rdacarrier 
500 |a Photocopy of typescript. Ann Arbor, Mich., University Microfilms, 1969. 
502 |c University of Tennessee. 
504 |a Bibliography: leaves 173-175. 
650 0 |a Separation (Technology) 
999 |a MARS 
999 f f |s 200ef2ca-b26e-3772-85eb-a3e89fb37750  |i 33954bf3-782b-301b-b697-bd6e717a6a3f  |t 0 
952 f f |p ric  |a Texas A&M University  |b Rellis Campus  |c Joint Library Facility  |d Remote Storage  |t 0  |e TP156.S45 H3  |h Library of Congress classification  |i unmediated -- volume  |m A14805599904 
998 f f |a TP156.S45 H3  |t 0  |l Remote Storage